000 00433nam a22001577a 4500
003 GBCCL
005 20251201123551.0
008 180702b ||||| |||| 00| 0 eng d
040 _cGBC
082 _aVER 220.5954
_bHMA 1
245 _aPathien Lehkhabu Thienghlim:
_bThuthlung Hlui Le Thuthlung Thar
260 _aNew Delhi:
_bBibles for the world,
_c1980.
300 _a1087, 363p.
650 _aBible
_vHmar
_912293
942 _2ddc
_cREF
999 _c6878
_d6878